Ο εικοστός αιώνας

Αποθηκεύτηκε σε:
Λεπτομέρειες βιβλιογραφικής εγγραφής
Άλλοι συγγραφείς: Châtelet, François, 1925-1985 (Επιμελητής έκδοσης), Παπαγιώργης, Κωστής, 1947-2014 (Μεταφραστής)
Μορφή: Βιβλίο
Γλώσσα:Greek
French
Δημοσίευση: Αθήνα : Γνώση, 1990.
Έκδοση:2η έκδ.
Σειρά:Φιλοσοφική και πολιτική βιβλιοθήκη ; 8
Θέματα:
Ετικέτες: Προσθήκη ετικέτας
Δεν υπάρχουν, Καταχωρήστε ετικέτα πρώτοι!

MARC

LEADER 00000cam a2200000 i 4500
001 1/1864
008 950731s1990 gr | ||| |||| ||gre||
020 |a 9602352590 
035 |l 10014604 
040 |a GR-MyUA  |b gre  |e AACR2 
041 1 |a gre  |h fre 
082 0 |a 100 
245 1 2 |a Ο εικοστός αιώνας /   |c επιμέλεια Francois Chatelet ; μετάφραση Κωστής Παπαγιώργης.  
250 |a 2η έκδ.  
260 |a Αθήνα :   |b Γνώση,   |c 1990.  
300 |a 389 σ.  
490 1 |a (Φιλοσοφική και πολιτική βιβλιοθήκη   |v ; 8)  
500 |a Τίτλος πρωτοτύπου: La philosophie.  
650 0 0 |a Philosophy, Modern  |y 20th century. 
650 0 0 |a Philosophy  |x History. 
700 1 |a Châtelet, François,   |d 1925-1985,  |e edt 
700 1 |a Παπαγιώργης, Κωστής,   |d 1947-2014,  |e trl 
774 1 |t Η φιλοσοφία 
830 0 |a Φιλοσοφική και πολιτική βιβλιοθήκη ;  |v  8 
852 |a INST  |b LESVOS  |e 19950731  |h 100 ΦΙΛ  |p 005100003896  |q 005100003896  |t BK  |y 0  |z v.4 
852 |a INST  |b LESVOS  |e 19950731  |h 100 ΦΙΛ  |p 005100003896  |q 005100003896  |t BK  |v v.4:  |y 0  |z v.4 
853 |a INST  |b LESVOS  |h 100 ΦΙΛ 
909 |a Λ  |b 023170